[Event "London Classic op 10th"]
[Site "London"]
[Date "2018.12.15"]
[Round "8"]
[White "Mirzoyan, David"]
[Black "Stoyanov, Viktor"]
[Result "1-0"]
[WhiteElo "2382"]
[BlackElo "2205"]
[PlyCount "103"]
[EventDate "2018.12.09"]
[EventType "swiss"]
[EventRounds "9"]
[EventCountry "ENG"]
[SourceTitle "CBM 187 Extra"]
[Source "ChessBase"]
[SourceDate "2018.11.04"]
[SourceVersion "1"]
[SourceVersionDate "2018.11.04"]
[SourceQuality "1"]

1. d4 d5 2. c4 c6 3. Nf3 Nf6 4. Nc3 e6 5. Bg5 Nbd7 6. e3 h6 7. Bh4 Be7 8. Rc1 0-0 9. Bd3 Re8 10. 0-0 a6 11. Bg3 Nf8 12. Qe2 Nh5 13. Be5 dxc4 14. Bxc4 Ng6 15. Rfd1 Nf6 16. Bg3 Qa5 17. Bd3 Nf8 18. Ne5 N8d7 19. Nc4 Qd8 20. a4 Nb6 21. e4 Nxc4 22. Bxc4 Qa5 23. Bf4 Bf8 24. Rd3 Qh5 25. Qd2 Qa5 26. Re1 b5 27. Bb3 Bb7 28. e5 Nd5 29. Bxh6 gxh6 30. Nxd5 Qxd2 31. Nf6+ Kh8 32. Rxd2 Bb4 33. Red1 Bxd2 34. Nxe8 Bb4 35. Nf6 Rd8 36. Ne4 Kh7 37. Nc5 Bxc5 38. dxc5 Rxd1+ 39. Bxd1 Kg6 40. Bc2+ Kg5 41. g3 f5 42. h4+ Kg6 43. Kg2 a5 44. g4 Bc8 45. Kg3 b4 46. Kf4 h5 47. f3 Bd7 48. gxf5+ exf5 49. Bb3 Bc8 50. Bc4 Bd7 51. e6 Bc8 52. Ke5 1-0

[Event "London Classic op 10th"]
[Site "London"]
[Date "2018.12.09"]
[Round "1"]
[White "De Coverly, Roger D"]
[Black "Mirzoyan, David"]
[Result "0-1"]
[WhiteElo "1951"]
[BlackElo "2382"]
[PlyCount "128"]
[EventDate "2018.12.09"]
[EventType "swiss"]
[EventRounds "9"]
[EventCountry "ENG"]
[SourceTitle "CBM 187 Extra"]
[Source "ChessBase"]
[SourceDate "2018.11.04"]
[SourceVersion "1"]
[SourceVersionDate "2018.11.04"]
[SourceQuality "1"]

1. e4 e5 2. Nf3 Nc6 3. Bb5 a6 4. Ba4 Nf6 5. d3 Bc5 6. 0-0 b5 7. Bb3 d6 8. Nc3 h6 9. Be3 Bg4 10. Ne2 Bxf3 11. gxf3 Na5 12. d4 exd4 13. Nxd4 Bxd4 14. Bxd4 Nxb3 15. axb3 Nh5 16. Be3 0-0 17. Qd5 Qh4 18. Qf5 Rfe8 19. Qg4 Qxg4+ 20. fxg4 Nf6 21. f3 d5 22. Bd4 dxe4 23. Bxf6 gxf6 24. fxe4 Rxe4 25. Rxf6 Rxg4+ 26. Kf2 Rd8 27. Kf3 Rh4 28. Kg3 Rh5 29. Raf1 Rd6 30. h4 Rc5 31. c3 Rd3+ 32. R1f3 Rxf3+ 33. Kxf3 a5 34. Rxh6 b4 35. c4 Rf5+ 36. Ke3 f6 37. Rg6+ Kf7 38. Rg2 Rf1 39. Rh2 Kg6 40. Ke2 Rg1 41. h5+ Kh6 42. Rf2 Kg7 43. h6+ Kg6 44. Rh2 Kh7 45. Kd3 Rg6 46. Kd4 Rxh6 47. Re2 Kg6 48. Kc5 f5 49. Kb5 f4 50. Kxa5 Kf5 51. Kxb4 f3 52. Rd2 Ke4 53. Kc3 Rf6 54. b4 f2 55. Re2+ Kf3 56. Rxf2+ Kxf2 57. Kd4 Ke2 58. b5 Kd2 59. c5 Kc2 60. Kd5 Kb3 61. c6 Kb4 62. b6 Rd6+ 63. Ke5 Rxc6 64. b7 Rb6 0-1

[Event "EU-ch U18 28th"]
[Site "Riga"]
[Date "2018.08.22"]
[Round "3"]
[White "Nguyen, Thai Dai Van"]
[Black "Mirzoyan, David"]
[Result "1/2-1/2"]
[WhiteElo "2548"]
[BlackElo "2364"]
[PlyCount "84"]
[EventDate "2018.08.20"]
[EventType "swiss"]
[EventRounds "9"]
[EventCountry "LAT"]
[SourceTitle "CBM 186 Extra"]
[Source "ChessBase"]
[SourceDate "2018.08.24"]
[SourceVersion "1"]
[SourceVersionDate "2018.08.24"]
[SourceQuality "1"]

1. c4 e6 2. Nc3 d5 3. d4 Be7 4. cxd5 exd5 5. Bf4 c6 6. e3 Bf5 7. g4 Be6 8. h4 Bxh4 9. Bd3 Nd7 10. Qf3 g5 11. Bg3 Ngf6 12. Bxh4 Bxg4 13. Qg2 gxh4 14. Rxh4 h5 15. f3 Be6 16. Qf2 Nf8 17. 0-0-0 Qe7 18. Nge2 Ng6 19. Rh2 0-0-0 20. Rdh1 Rh6 21. Ng3 Rdh8 22. Na4 Kb8 23. Nc5 Ka8 24. Nxe6 fxe6 25. Nxh5 Nxh5 26. Bxg6 Rxg6 27. Rxh5 Rxh5 28. Rxh5 Qg7 29. Rh1 a6 30. Qh2 Ka7 31. Rf1 Rg2 32. Qd6 Rg1 33. Rxg1 Qxg1+ 34. Kc2 Qf2+ 35. Kd3 Qxf3 36. Qxe6 Qf1+ 37. Kc2 Qc4+ 38. Kb1 Qd3+ 39. Kc1 Qf1+ 40. Kc2 Qe2+ 41. Kc1 Qe1+ 42. Kc2 Qe2+ 1/2-1/2

[Event "EU-ch U18 28th"]
[Site "Riga"]
[Date "2018.08.21"]
[Round "2"]
[White "Simet, Martin"]
[Black "Mirzoyan, David"]
[Result "0-1"]
[WhiteElo "2146"]
[BlackElo "2364"]
[PlyCount "80"]
[EventDate "2018.08.20"]
[EventType "swiss"]
[EventRounds "9"]
[EventCountry "LAT"]
[SourceTitle "CBM 186 Extra"]
[Source "ChessBase"]
[SourceDate "2018.08.24"]
[SourceVersion "1"]
[SourceVersionDate "2018.08.24"]
[SourceQuality "1"]

1. e4 e5 2. Nf3 Nc6 3. Bb5 a6 4. Ba4 Nf6 5. 0-0 Nxe4 6. d4 b5 7. Bb3 d5 8. dxe5 Be6 9. Nbd2 Be7 10. c3 0-0 11. Re1 Nc5 12. Bc2 Bg4 13. h3 Bh5 14. Nf1 Re8 15. Ng3 Bg6 16. Nd4 Nxd4 17. Bxg6 hxg6 18. Qxd4 Ne6 19. Qg4 c5 20. f4 Bh4 21. Rf1 Bxg3 22. Qxg3 d4 23. f5 gxf5 24. Rxf5 dxc3 25. bxc3 Qd1+ 26. Rf1 Qh5 27. Be3 Rad8 28. Rae1 Rd3 29. Rf3 Rxc3 30. Ref1 Qg6 31. Qh4 Rc4 32. Qe1 Rc2 33. Rg3 Qh5 34. Qb1 Qxe5 35. Kh2 Rc4 36. Rf5 Rb4 37. Qf1 Qc7 38. Rh5 Re4 39. Bc1 Nf8 40. Rhg5 Ng6 0-1

[Event "ARM-chT"]
[Site "Yerevan"]
[Date "2018.06.10"]
[Round "3.4"]
[White "Mirzoyan, David"]
[Black "Gharagyozyan, Artur"]
[Result "1-0"]
[WhiteElo "2381"]
[BlackElo "2310"]
[PlyCount "55"]
[EventDate "2018.06.08"]
[EventType "team-tourn"]
[EventRounds "7"]
[EventCountry "ARM"]
[SourceTitle "CBM 184 Extra"]
[Source "ChessBase"]
[SourceDate "2018.06.28"]
[SourceVersion "1"]
[SourceVersionDate "2018.06.28"]
[SourceQuality "1"]
[WhiteTeam "Gasparyan"]
[BlackTeam "Ejmiadzin"]
[WhiteTeamCountry "ARM"]
[BlackTeamCountry "ARM"]

1. Nf3 d5 2. g3 Nf6 3. Bg2 e6 4. 0-0 Be7 5. d3 0-0 6. Nbd2 c5 7. e4 Nc6 8. Re1 b5 9. e5 Nd7 10. Nf1 Qc7 11. Bf4 a5 12. h4 b4 13. Ne3 a4 14. a3 bxa3 15. bxa3 Rb8 16. Ra2 Ba6 17. Ng4 h5 18. Ngh2 Rfe8 19. Qd2 c4 20. d4 Na5 21. Qc3 Nf8 22. Bg5 Bxg5 23. Nxg5 Rb5 24. Bf3 g6 25. g4 hxg4 26. Nxg4 Kg7 27. Qe3 Reb8 28. Ne4 1-0

[Event "EU-ch 19th"]
[Site "Batumi"]
[Date "2018.03.27"]
[Round "10"]
[White "Mirzoyan, David"]
[Black "Kobo, Ori"]
[Result "1-0"]
[WhiteElo "2350"]
[BlackElo "2500"]
[PlyCount "95"]
[EventDate "2018.03.17"]
[EventType "swiss"]
[EventRounds "11"]
[EventCountry "GEO"]
[SourceTitle "CBM 184"]
[Source "ChessBase"]
[SourceDate "2018.05.16"]
[SourceVersion "1"]
[SourceVersionDate "2018.05.16"]
[SourceQuality "1"]

1. d4 Nf6 2. Nf3 g6 3. c4 Bg7 4. Nc3 d5 5. Bg5 Ne4 6. Bf4 Nxc3 7. bxc3 dxc4 8. e3 Be6 9. Qb1 b6 10. Ng5 Bd5 11. e4 h6 12. Nf3 Be6 13. Qc1 c6 14. Be2 Nd7 15. Qe3 b5 16. a4 a6 17. 0-0 Nf6 18. Ne5 Qc8 19. h3 Nd7 20. Nxc6 Qxc6 21. d5 Qb7 22. dxe6 fxe6 23. e5 Nb6 24. Bg4 Kf7 25. Bg3 Rhf8 26. axb5 axb5 27. Rxa8 Rxa8 28. Qf4+ Kg8 29. Bxe6+ Kh7 30. Bg4 Rd8 31. Bf3 Nd5 32. Qf7 Qd7 33. Be4 Nxc3 34. Qxg6+ Kg8 35. Bf5 Qd4 36. Be6+ Kh8 37. Bf5 Kg8 38. Qh7+ Kf7 39. e6+ Kf8 40. Bg6 Nd5 41. Bc2 Qf6 42. Re1 Qg5 43. h4 Qg4 44. Re4 Nf6 45. Rxg4 Nxh7 46. Bxh7 Rd1+ 47. Kh2 Rc1 48. Bf4 1-0

[Event "EU-ch 19th"]
[Site "Batumi"]
[Date "2018.03.25"]
[Round "8"]
[White "Mirzoyan, David"]
[Black "Repka, Christopher"]
[Result "0-1"]
[WhiteElo "2350"]
[BlackElo "2524"]
[PlyCount "92"]
[EventDate "2018.03.17"]
[EventType "swiss"]
[EventRounds "11"]
[EventCountry "GEO"]
[SourceTitle "CBM 184"]
[Source "ChessBase"]
[SourceDate "2018.05.16"]
[SourceVersion "1"]
[SourceVersionDate "2018.05.16"]
[SourceQuality "1"]

1. d4 Nf6 2. c4 e6 3. Nf3 Bb4+ 4. Nbd2 0-0 5. a3 Be7 6. e4 d6 7. Be2 Nfd7 8. Nb1 d5 9. Nc3 dxe4 10. Nxe4 b6 11. Qc2 Bb7 12. 0-0 Nf6 13. Nc3 c5 14. Rd1 Qc8 15. Bf4 cxd4 16. Nxd4 a6 17. b4 Nbd7 18. Bg3 Rd8 19. Rac1 Bf8 20. Na4 e5 21. Nf3 Qc6 22. Bf1 a5 23. Nc3 axb4 24. axb4 Qe6 25. Nd5 Rac8 26. Nxf6+ Nxf6 27. Rxd8 Rxd8 28. Nxe5 Bxb4 29. Qb3 Bc5 30. Nd3 Bd4 31. Nf4 Qd7 32. Re1 h5 33. Bh4 Qf5 34. Nh3 Bc5 35. Bxf6 Qxf6 36. Rd1 Re8 37. Qg3 h4 38. Qf4 Qe7 39. Qg5 Qxg5 40. Nxg5 f6 41. Nf3 h3 42. Ne1 hxg2 43. Bxg2 Bxg2 44. Nxg2 Re4 45. Rc1 Re2 46. Ne3 Rxe3 0-1

[Event "EU-ch 19th"]
[Site "Batumi"]
[Date "2018.03.20"]
[Round "4"]
[White "Mirzoyan, David"]
[Black "Lomaia, Diana"]
[Result "1-0"]
[WhiteElo "2350"]
[BlackElo "1742"]
[PlyCount "107"]
[EventDate "2018.03.17"]
[EventType "swiss"]
[EventRounds "11"]
[EventCountry "GEO"]
[SourceTitle "CBM 184"]
[Source "ChessBase"]
[SourceDate "2018.05.16"]
[SourceVersion "1"]
[SourceVersionDate "2018.05.16"]
[SourceQuality "1"]

1. Nf3 Nf6 2. c4 g6 3. g3 Bg7 4. Bg2 0-0 5. 0-0 d6 6. d4 Nbd7 7. Nc3 e5 8. e4 c6 9. h3 Re8 10. Be3 exd4 11. Nxd4 Nc5 12. Qc2 a5 13. Rad1 Qe7 14. Rfe1 Bd7 15. Bf4 Nh5 16. Nxc6 Bxc6 17. Bxd6 Qe6 18. Bxc5 Qxc4 19. Bd6 a4 20. e5 Bxg2 21. Kxg2 b5 22. Qe4 Rac8 23. Rd4 Qc6 24. Qxc6 Rxc6 25. g4 Nf6 26. exf6 Rxe1 27. fxg7 Kxg7 28. Bb4 Re5 29. a3 Rc8 30. Rd7 Rce8 31. Rb7 h5 32. Nxb5 Re2 33. Nd6 Rf8 34. Kf3 Re6 35. Bc3+ Kg8 36. Ne4 hxg4+ 37. hxg4 Rc8 38. Ng5 Rec6 39. Ne4 Re6 40. g5 Rec6 41. Ra7 Rc4 42. Nd6 Rxc3+ 43. bxc3 Rxc3+ 44. Kf4 Rxa3 45. Ra8+ Kg7 46. Ne8+ Kf8 47. Nd6+ Ke7 48. Ne4 Ra2 49. Ke5 a3 50. Ra7+ Kf8 51. Kf6 Kg8 52. Ra8+ Kh7 53. Kxf7 Rxf2+ 54. Nf6+ 1-0

[Event "EU-ch 19th"]
[Site "Batumi"]
[Date "2018.03.19"]
[Round "3"]
[White "Shevchenko, Kirill"]
[Black "Mirzoyan, David"]
[Result "1-0"]
[WhiteElo "2545"]
[BlackElo "2350"]
[PlyCount "138"]
[EventDate "2018.03.17"]
[EventType "swiss"]
[EventRounds "11"]
[EventCountry "GEO"]
[SourceTitle "CBM 184"]
[Source "ChessBase"]
[SourceDate "2018.05.16"]
[SourceVersion "1"]
[SourceVersionDate "2018.05.16"]
[SourceQuality "1"]

1. e4 e6 2. d4 d5 3. Nd2 c5 4. exd5 Qxd5 5. dxc5 Qxc5 6. Ngf3 Nf6 7. Bd3 Bd6 8. 0-0 Nbd7 9. Nc4 Be7 10. Bf4 b5 11. Ncd2 Bb7 12. Re1 Rc8 13. Be3 Qc7 14. Bxb5 0-0 15. c3 Nc5 16. Qe2 Rb8 17. Bd4 Bxf3 18. Nxf3 Qb7 19. a4 a6 20. Bxc5 Bxc5 21. Bxa6 Qxb2 22. Bb5 Qxc3 23. Rec1 Qb4 24. Rc4 Rxb5 25. axb5 Qxb5 26. Qc2 Be7 27. Rc8 g6 28. h3 Rxc8 29. Qxc8+ Kg7 30. Qc2 Qd5 31. Rd1 Qa5 32. Nd4 Nd5 33. Nf3 Bf6 34. Rb1 Nc3 35. Re1 Qb5 36. Kh2 Qb8+ 37. g3 Qb5 38. Kg2 Qd5 39. Re3 Qa5 40. h4 Qb4 41. Re1 Qb5 42. Qd2 Qb7 43. Rc1 Nd5 44. Rc4 Qb5 45. Qc2 h6 46. Nh2 Qb7 47. Qe4 Qb2 48. Ng4 Bc3 49. Ne3 Qd2 50. Nf1 Qb2 51. Nh2 Bf6 52. Rc2 Qb7 53. Qf3 Qb1 54. Re2 Qb7 55. Qe4 Qe7 56. Re1 Bc3 57. Qxd5 Bxe1 58. Qe5+ Kh7 59. Qxe1 Qb7+ 60. Kg1 Qd5 61. Qe3 h5 62. Nf3 Kg8 63. Ng5 Qd1+ 64. Kg2 Qd8 65. Qc3 Qd5+ 66. Qf3 Qd7 67. Ne4 Qc7 68. Nf6+ Kh8 69. Qa8+ Qc8 1-0

[Event "EU-ch 19th"]
[Site "Batumi"]
[Date "2018.03.18"]
[Round "2"]
[White "Mirzoyan, David"]
[Black "Kanyamarala, Trisha"]
[Result "1-0"]
[WhiteElo "2350"]
[BlackElo "1956"]
[PlyCount "103"]
[EventDate "2018.03.17"]
[EventType "swiss"]
[EventRounds "11"]
[EventCountry "GEO"]
[SourceTitle "CBM 184"]
[Source "ChessBase"]
[SourceDate "2018.05.16"]
[SourceVersion "1"]
[SourceVersionDate "2018.05.16"]
[SourceQuality "1"]

1. d4 d5 2. c4 e6 3. Nc3 Nf6 4. cxd5 exd5 5. Bg5 Be7 6. e3 c6 7. Bd3 Nbd7 8. Qc2 h6 9. Bf4 Nh5 10. Nf3 Nb6 11. Be5 Be6 12. h3 Bd6 13. a3 Qe7 14. Ne2 Nf6 15. Nf4 Bxe5 16. Nxe5 Nfd7 17. Neg6 fxg6 18. Nxg6 Qf6 19. Nxh8 g5 20. Ng6 0-0-0 21. h4 Bf7 22. h5 Be6 23. a4 a6 24. a5 Nc4 25. b3 Nd6 26. Bxa6 Kb8 27. Bd3 c5 28. Rc1 Rc8 29. Qd2 c4 30. bxc4 dxc4 31. Bb1 Bf5 32. Bxf5 Nxf5 33. Qb4 Qc6 34. 0-0 Nh4 35. d5 Qxd5 36. Nxh4 gxh4 37. Rfd1 Qc6 38. Qd6+ Qxd6 39. Rxd6 Ne5 40. Rd5 Nf7 41. f4 Re8 42. Kf2 Rc8 43. Rc3 Nd8 44. Rd4 Nc6 45. Rdxc4 Rd8 46. Rxc6 bxc6 47. Rxc6 Rd5 48. Rxh6 Rxa5 49. Rh8+ Kc7 50. h6 Rh5 51. h7 Kb7 52. Kf3 1-0

[Event "Moscow Aeroflot op-B 17th"]
[Site "Moscow"]
[Date "2018.02.22"]
[Round "3"]
[White "Mirzoyan, David"]
[Black "Dzhumaev, Marat"]
[Result "0-1"]
[WhiteElo "2350"]
[BlackElo "2439"]
[PlyCount "92"]
[EventDate "2018.02.20"]
[EventType "swiss"]
[EventRounds "9"]
[EventCountry "RUS"]
[SourceTitle "CBM 183 Extra"]
[Source "ChessBase"]
[SourceDate "2018.04.19"]
[SourceVersion "1"]
[SourceVersionDate "2018.04.19"]
[SourceQuality "1"]

1. Nf3 Nf6 2. c4 g6 3. g3 Bg7 4. Bg2 0-0 5. 0-0 d6 6. d4 c6 7. Nc3 Qb6 8. b3 e5 9. dxe5 dxe5 10. Ba3 Re8 11. Nd2 Qa5 12. Qc1 Be6 13. Nde4 Nbd7 14. Nd6 Reb8 15. Rd1 Qc7 16. c5 Rd8 17. b4 a6 18. Qc2 Nf8 19. Bb2 N6d7 20. Na4 Rab8 21. a3 h5 22. h3 Nh7 23. Rac1 Rf8 24. Ba1 Qd8 25. h4 f5 26. Nb2 Qe7 27. Nbc4 g5 28. hxg5 Qxg5 29. Qc3 Qg6 30. f4 h4 31. gxh4 Nhf6 32. Nxe5 Nxe5 33. Qxe5 Nh5 34. Qe3 Bxa1 35. Rxa1 Kh7 36. Qf3 Rg8 37. e3 Qh6 38. Rac1 Rg3 39. Qf1 Rbg8 40. Rc2 Nf6 41. Qd3 Qg6 42. Rdd2 Ng4 43. h5 Qxh5 44. Re2 Nh2 45. Rf2 Rxg2+ 46. Rxg2 Nf3+ 0-1

[Event "World ol U16"]
[Site "Ahmedabad"]
[Date "2017.12.16"]
[Round "7.3"]
[White "Mirzoyan, David"]
[Black "Amartuvshin, Ganzorig"]
[Result "1-0"]
[WhiteElo "2345"]
[BlackElo "2201"]
[PlyCount "165"]
[EventDate "2017.12.11"]
[EventType "team-swiss"]
[EventRounds "9"]
[EventCountry "IND"]
[SourceTitle "CBM 182 Extra"]
[Source "ChessBase"]
[SourceDate "2018.02.23"]
[SourceVersion "1"]
[SourceVersionDate "2018.02.23"]
[SourceQuality "1"]
[WhiteTeam "Armenia"]
[BlackTeam "Mongolia"]
[WhiteTeamCountry "ARM"]
[BlackTeamCountry "MGL"]

1. Nf3 Nf6 2. c4 g6 3. g3 Bg7 4. Bg2 0-0 5. 0-0 d6 6. d4 Nc6 7. Nc3 e5 8. dxe5 Nxe5 9. Nxe5 dxe5 10. Qxd8 Rxd8 11. Bg5 Rf8 12. Nb5 c6 13. Nd6 h6 14. Be3 Rd8 15. Nxc8 Rdxc8 16. Rfd1 Ng4 17. Bd2 Re8 18. h3 Nf6 19. Be3 e4 20. g4 a5 21. Rd2 Nh7 22. Rad1 Nf8 23. h4 a4 24. Kf1 h5 25. g5 f5 26. gxf6 Bxf6 27. Rd6 Bxh4 28. R6d4 Bf6 29. Rxe4 Bxb2 30. Bc5 Ne6 31. Bb4 Nf8 32. e3 Bf6 33. Ke2 Red8 34. Rb1 Rd7 35. Bh3 Rg7 36. Bd6 Nh7 37. f4 g5 38. Be6+ Kh8 39. Rh1 gxf4 40. Rxh5 fxe3 41. Bf5 b6 42. Rxe3 Kg8 43. Be6+ Kh8 44. Bf5 Kg8 45. Re6 Bd4 46. Kd3 c5 47. Reh6 Raa7 48. Be6+ Kh8 49. Bf5 Raf7 50. Ke4 Kg8 51. Rxh7 Rxh7 52. Bxh7+ Rxh7 53. Rxh7 Kxh7 54. Bc7 Kg7 55. Bxb6 Kf7 56. Kd5 Ke8 57. Kc6 Be5 58. a3 Bb2 59. Bxc5 Kd8 60. Bb4 Kc8 61. Bd6 Bc1 62. Bb4 Bb2 63. Kb5 Bd4 64. Kxa4 Kb7 65. Kb5 Be3 66. a4 Bd4 67. Bc5 Bb2 68. Bb6 Ba3 69. Ba5 Bd6 70. Bb4 Bc7 71. a5 Bf4 72. c5 Bc7 73. Bc3 Bf4 74. Be1 Be5 75. Bd2 Bg3 76. Bg5 Bc7 77. Bf6 Ka7 78. Be7 Kb7 79. Bd6 Bd8 80. c6+ Ka8 81. a6 Ka7 82. Bc5+ Ka8 83. Bb6 1-0

[Event "World ol U16"]
[Site "Ahmedabad"]
[Date "2017.12.11"]
[Round "1.4"]
[White "Thilakarathne, GM Harshana"]
[Black "Mirzoyan, David"]
[Result "0-1"]
[WhiteElo "2158"]
[BlackElo "2345"]
[PlyCount "72"]
[EventDate "2017.12.11"]
[EventType "team-swiss"]
[EventRounds "9"]
[EventCountry "IND"]
[SourceTitle "CBM 182 Extra"]
[Source "ChessBase"]
[SourceDate "2018.02.23"]
[SourceVersion "1"]
[SourceVersionDate "2018.02.23"]
[SourceQuality "1"]
[WhiteTeam "Sri Lanka"]
[BlackTeam "Armenia"]
[WhiteTeamCountry "SRI"]
[BlackTeamCountry "ARM"]

1. e4 e6 2. d4 d5 3. Nc3 Nf6 4. Bg5 dxe4 5. Nxe4 Be7 6. Bxf6 gxf6 7. Nf3 f5 8. Ng3 c5 9. Bb5+ Bd7 10. Bxd7+ Qxd7 11. d5 exd5 12. Ne5 Qe6 13. 0-0 Qxe5 14. Re1 Qf6 15. Qxd5 Nc6 16. Nxf5 0-0 17. Nxe7+ Nxe7 18. Qxb7 Ng6 19. Rad1 a5 20. Qb5 Rfb8 21. Qxc5 Rb6 22. b3 Rxb3 23. g3 Rb2 24. Qf5 Qb6 25. Qf3 Rb5 26. Qf4 Qb7 27. Qf6 Qc8 28. h4 Qf5 29. Rd8+ Rxd8 30. Qxd8+ Kg7 31. Qd4+ Qf6 32. Qc4 Rf5 33. Re2 h5 34. a4 Ne5 35. Qc7 Nf3+ 36. Kg2 Qa1 0-1

[Event "Yerevan op 2nd"]
[Site "Yerevan"]
[Date "2017.09.19"]
[Round "1"]
[White "Mirzoyan, David"]
[Black "Seyranyan, Gor"]
[Result "1-0"]
[WhiteElo "2341"]
[BlackElo "1747"]
[PlyCount "93"]
[EventDate "2017.09.19"]
[EventType "swiss"]
[EventRounds "9"]
[EventCountry "ARM"]
[SourceTitle "CBM 180 Extra"]
[Source "ChessBase"]
[SourceDate "2017.10.06"]
[SourceVersion "1"]
[SourceVersionDate "2017.10.06"]
[SourceQuality "1"]

1. d4 Nf6 2. c4 e6 3. Nf3 b6 4. g3 Bb7 5. Bg2 Be7 6. 0-0 0-0 7. Re1 d6 8. Nc3 Ne4 9. Qc2 f5 10. Nd2 d5 11. Ndxe4 dxe4 12. Rd1 Nd7 13. b3 Nf6 14. Bb2 Qe8 15. e3 Qh5 16. Nb5 Rfc8 17. a4 c6 18. Nc3 Rd8 19. a5 e5 20. a6 Bc8 21. d5 cxd5 22. Nxd5 Nxd5 23. Rxd5 Be6 24. Rxd8+ Rxd8 25. Bxe5 Bb4 26. Bd4 Bc5 27. Bc3 Qf7 28. Bf1 h5 29. Rd1 Rc8 30. Bd4 h4 31. Qc3 hxg3 32. fxg3 Kh7 33. Rd2 Qe7 34. Qb2 Rc6 35. Rf2 Bc8 36. Bh3 Qg5 37. Rf4 Rh6 38. Bf1 Bxa6 39. Bxc5 bxc5 40. Qe5 Bc8 41. Qxc5 Qd8 42. Qxa7 Qd2 43. Rf2 Qd1 44. Qc5 Be6 45. b4 f4 46. Rxf4 Bh3 47. Qd4 1-0

[Event "EU-ch U16 27th"]
[Site "Mamaia"]
[Date "2017.09.06"]
[Round "2"]
[White "Mirzoyan, David"]
[Black "Trimitzios, Petros"]
[Result "1/2-1/2"]
[WhiteElo "2341"]
[BlackElo "2191"]
[PlyCount "133"]
[EventDate "2017.09.05"]
[EventType "swiss"]
[EventRounds "9"]
[EventCountry "ROU"]
[SourceTitle "CBM 180 Extra"]
[Source "ChessBase"]
[SourceDate "2017.10.06"]
[SourceVersion "1"]
[SourceVersionDate "2017.10.06"]
[SourceQuality "1"]

1. d4 d5 2. Bf4 Nf6 3. e3 c5 4. Nc3 cxd4 5. exd4 a6 6. Nf3 Nc6 7. Ne5 Bf5 8. g4 Nxe5 9. gxf5 Nc6 10. Qd2 g6 11. 0-0-0 gxf5 12. Bh3 e6 13. Rhe1 Be7 14. f3 Nh5 15. Bh6 Qd6 16. Bxf5 0-0-0 17. Bg4 Nf6 18. Bh3 b5 19. Kb1 Kb7 20. Bf4 Qb4 21. Bf1 Nd7 22. Qf2 Rc8 23. Ne2 Qa5 24. Nc1 Qb6 25. Be3 Bd6 26. f4 Nf6 27. Qf3 Ne7 28. Bd3 Nd7 29. Bg1 Nc6 30. Nb3 Rce8 31. f5 Rhf8 32. Qh3 Nd8 33. fxe6 fxe6 34. Qxh7 Qc7 35. Qh5 Rh8 36. Qf3 Bxh2 37. Be3 Bd6 38. Rh1 Ref8 39. Qe2 Nc6 40. Bh6 Re8 41. Rdf1 e5 42. dxe5 Ndxe5 43. Bxb5 axb5 44. Qxb5+ Qb6 45. Qxd5 Rd8 46. Bc1 Be7 47. Qe4 Qb4 48. Qe2 Bd6 49. Rxh8 Rxh8 50. Qg2 Rd8 51. Bd2 Qb5 52. Rh1 Bc7 53. Bc3 Kb8 54. Re1 Nc4 55. Qe4 Be5 56. Bxe5+ N6xe5 57. Qf4 Qb4 58. Qf1 Nf3 59. Re2 Nfd2+ 60. Rxd2 Nxd2+ 61. Nxd2 Rxd2 62. a3 Qd6 63. Qb5+ Kc7 64. Qa5+ Kd7 65. Qf5+ Kd8 66. Qg5+ Kc8 67. Qf5+ 1/2-1/2

[Event "EU-ch 18th"]
[Site "Minsk"]
[Date "2017.05.30"]
[Round "1"]
[White "Mirzoyan, David"]
[Black "Oparin, Grigoriy"]
[Result "1/2-1/2"]
[WhiteElo "2321"]
[BlackElo "2604"]
[PlyCount "75"]
[EventDate "2017.05.30"]
[EventType "swiss"]
[EventRounds "11"]
[EventCountry "BLR"]
[SourceTitle "CBM 179"]
[Source "ChessBase"]
[SourceDate "2017.07.12"]
[SourceVersion "1"]
[SourceVersionDate "2017.07.12"]
[SourceQuality "1"]

1. Nf3 d5 2. c4 e6 3. d4 Nf6 4. Nc3 Nbd7 5. Bf4 Bb4 6. e3 c5 7. Bd3 cxd4 8. exd4 dxc4 9. Bxc4 Nb6 10. Bb3 Nbd5 11. Bd2 0-0 12. 0-0 Bd6 13. Nxd5 Nxd5 14. Re1 h6 15. Ne5 Qh4 16. Qg4 Qxg4 17. Nxg4 Rd8 18. Ne3 Nxe3 19. Bxe3 Bd7 20. d5 e5 21. Rac1 b6 22. g3 Rac8 23. f4 Rxc1 24. Rxc1 Re8 25. Kf2 exf4 26. gxf4 f6 27. h4 h5 28. Bc2 Kf7 29. Bd3 g6 30. b3 Rc8 31. Rg1 Bg4 32. Rc1 Rxc1 33. Bxc1 Bc8 34. Be3 Bb7 35. Bc4 Ke7 36. Bd3 f5 37. Bc4 Kd7 38. Kg3 1/2-1/2

[Event "Moscow Aeroflot op-B 16th"]
[Site "Moscow"]
[Date "2017.03.01"]
[Round "9"]
[White "Mirzoyan, David"]
[Black "Murtazin, Bulat"]
[Result "1/2-1/2"]
[WhiteElo "2308"]
[BlackElo "2425"]
[PlyCount "104"]
[EventDate "2017.02.21"]
[EventType "swiss"]
[EventRounds "9"]
[EventCountry "RUS"]
[SourceTitle "CBM 177 Extra"]
[Source "ChessBase"]
[SourceDate "2017.04.27"]
[SourceVersion "1"]
[SourceVersionDate "2017.04.27"]
[SourceQuality "1"]

1. d4 Nf6 2. c4 g6 3. Nc3 Bg7 4. g3 c5 5. Nf3 cxd4 6. Nxd4 Nc6 7. Bg2 0-0 8. 0-0 Nxd4 9. Qxd4 d6 10. Qd2 Be6 11. Bxb7 Rb8 12. Bg2 Bxc4 13. b3 Ba6 14. Bb2 Qa5 15. Rfd1 Rfc8 16. Rac1 Rc5 17. Na4 Qxd2 18. Rxd2 Rxc1+ 19. Bxc1 Rc8 20. Bb2 Ng4 21. Be4 Bh6 22. f4 Bg7 23. h3 Bxb2 24. Nxb2 Nf6 25. Bf3 Rc1+ 26. Kf2 Nd7 27. Nd1 Nc5 28. Ne3 Bc8 29. g4 Ne6 30. Kg3 Ba6 31. f5 Ng5 32. f6 exf6 33. Rxd6 Bb5 34. Rd1 Rc3 35. Nd5 Rc2 36. h4 Nxf3 37. exf3 Kg7 38. a4 Be2 39. Rd4 a5 40. g5 fxg5 41. hxg5 h6 42. gxh6+ Kxh6 43. Nf4 Bf1 44. Rd1 Ba6 45. Rd7 Bc8 46. Rxf7 Rc3 47. Ra7 Rxb3 48. Rxa5 Bb7 49. Rb5 Rxf3+ 50. Kg4 Bc6 51. Rc5 Bb7 52. Rb5 Bc6 1/2-1/2

[Event "Moscow Aeroflot op-B 16th"]
[Site "Moscow"]
[Date "2017.02.23"]
[Round "3"]
[White "Badmatsyrenov, Oleg"]
[Black "Mirzoyan, David"]
[Result "0-1"]
[WhiteElo "2456"]
[BlackElo "2308"]
[PlyCount "74"]
[EventDate "2017.02.21"]
[EventType "swiss"]
[EventRounds "9"]
[EventCountry "RUS"]
[SourceTitle "CBM 177 Extra"]
[Source "ChessBase"]
[SourceDate "2017.04.27"]
[SourceVersion "1"]
[SourceVersionDate "2017.04.27"]
[SourceQuality "1"]

1. e4 e6 2. Qe2 c5 3. b3 Nc6 4. Bb2 Nge7 5. g3 d5 6. Bg2 d4 7. d3 e5 8. Nd2 Qc7 9. Nh3 Ng6 10. 0-0 Be7 11. c3 Be6 12. cxd4 cxd4 13. f4 Bxh3 14. Bxh3 exf4 15. Qf2 Bb4 16. Nc4 fxg3 17. hxg3 0-0 18. Rac1 Rad8 19. Kg2 Nge5 20. Qe2 g6 21. a3 Be7 22. b4 a6 23. Nd2 Bg5 24. Rc5 Qe7 25. Nb3 Be3 26. Na1 Nd7 27. Bxd7 Rxd7 28. Nc2 Bh6 29. Qg4 Bg7 30. Qh3 Rfd8 31. Rh1 h5 32. g4 Ne5 33. gxh5 Qg5+ 34. Kf1 Qd2 35. Ne1 Rd6 36. Qg3 Rf6+ 37. Kg1 Qe2 0-1